Il bacio d'una morta /

Guardat en:
Dades bibliogràfiques
Autor principal: Invernizio, Carolina (Autor)
Format: Llibre
Idioma:italià
Publicat: [Mantova] : Corraini, 2007
Etiquetes: Afegir etiqueta
Sense etiquetes, Sigues el primer a etiquetar aquest registre!

MARC

LEADER 00000nam a22000007i 4500
001 IT\ICCU\TO0\1596568
003 ItRI
005 20260115232239.0
008 070504s2007 it |||||| ||||| |||||c
040 |b ita  |c importazione bologna sebina 
041 7 |a ita  |2 ISO-639-2 
082 |a 853.8  |9 NARRATIVA ITALIANA. 1859-1900  |2 19 
082 |a 853.8  |9 NARRATIVA ITALIANA. 1859-1900  |2 20 
100 1 |a Invernizio, Carolina  |0 IT\ICCU\CFIV\026112  |4 aut 
245 1 3 |a Il bacio d'una morta /  |c Carolina Invernizio. 
260 |a [Mantova] :  |b Corraini,  |c 2007 
300 |a 387 p. ;  |c 21 cm 
500 |a Ed. per il progetto Qui comincia la lettura di Festivaletteratura. 
942 |2 ddc  |c BK  |n 0 
952 |0 0  |1 0  |4 0  |6 DOC_853_912000000000000_INV  |7 0  |9 22841  |a BO  |b BO  |d 2026-01-15  |i 11482  |l 0  |o DOC 853.912 INV  |p BO11482  |r 2026-01-15 23:22:39  |w 2026-01-15  |x [Sebina 5] [1 v.]  |y BK  |z 1 v. 
999 |c 19497  |d 19497